| 000 | 00677nam a2200241Ia 4500 | ||
|---|---|---|---|
| 005 | 20260429112301.0 | ||
| 008 | 260429s9999||||xx |||||||||||||| ||und|| | ||
| 020 | _a9780443158452 | ||
| 041 | _aEnglish | ||
| 082 |
_a006.312 _bNIS |
||
| 100 | _aNisbet, Robert | ||
| 245 | 0 |
_aHandbook of statistical analysis : _bAI and ml applications / _cRobert Nisbet |
|
| 250 | _a3rd ed. | ||
| 260 |
_aCambridge : _bElsevier, _c2025. |
||
| 300 | _axxii, 472 p.; pbk | ||
| 650 | _a Artificial intelligence | ||
| 650 | _a Data science | ||
| 650 | _a Machine learning | ||
| 650 | _aStatistical analysis | ||
| 700 | _a McCormick, Keith | ||
| 700 | _a Miner, Gary D. | ||
| 942 | _cTB | ||
| 999 |
_c53308 _d53308 |
||